<?xml version="1.0" encoding="UTF-8"?>
<marc:record xmlns:marc="http://www.loc.gov/MARC21/slim">
   <marc:leader>00000nam a2200000 a 4500</marc:leader>
   <marc:datafield ind1="1" ind2=" " tag="100">
      <marc:subfield code="a">Gay, Marie-Louise</marc:subfield>
      <marc:subfield code="4">aut</marc:subfield>
      <marc:subfield code="e">Verfasser/-in</marc:subfield>
   </marc:datafield>
   <marc:datafield ind1=" " ind2=" " tag="653">
      <marc:subfield code="a">Winter</marc:subfield>
   </marc:datafield>
   <marc:datafield ind1=" " ind2=" " tag="653">
      <marc:subfield code="a">Lebensfreude</marc:subfield>
   </marc:datafield>
   <marc:datafield ind1="0" ind2="0" tag="245">
      <marc:subfield code="a">Sophie und der erste Schnee</marc:subfield>
   </marc:datafield>
   <marc:datafield ind1="0" ind2="0" tag="245">
      <marc:subfield code="c">Marie-Louise Gay</marc:subfield>
   </marc:datafield>
   <marc:datafield ind1=" " ind2="1" tag="264">
      <marc:subfield code="a">Reinbek</marc:subfield>
      <marc:subfield code="b">Carlsen</marc:subfield>
      <marc:subfield code="c">2000</marc:subfield>
   </marc:datafield>
   <marc:datafield ind1="1" ind2=" " tag="520">
      <marc:subfield code="a">Ein Bilderbuch, das vor Lebensfreude sprüht: Sophie erobert den Winter. (ab 4) (JD)      'Ist der Schnee kalt?? fragt Theo noch vorsichtig, als Sophie sich bereits jubelnd in das winterliche Vergnügen stürzt: Ihrem karotten-nasigen Schneemann weht längst der Schal um den Hals, als Theo noch vorsichtig am Rand steht, um seine beinahe philosophischen Fragen an den Winter zu stellen: 'Was isst ein Schneemann?? 'Wohin geht der Sommer?? Während Sophie mit ihrem wehenden roten Haar durch die doppelseitigen Illustrationen flitzt (wir wollen zugunsten des herrlichen Bildeffektes davon absehen, dass das arme Kind demnächst an Stirnhöhlenverkühlung leiden wird, weil es keine Mütze trägt...), um Schlittschuhlauf und Schneeballschlacht zu genießen, erobert sich Theo sehr langsam und immer ein bisschen abseits die Winterwelt. Selten sind Bilderbücher so voller Lebensfreude und daher dauert es auch bei Theo nicht mehr lange, bis er ins Zentrum der mit kleinen Details liebevoll ausgestalteten Winterlandschaft rückt. 'Bekommen Vögel eine Gänsehaut??, muss Theo noch wissen, bevor auch er sich in den Schnee fallen lässt, um mit dem herrlichsten aller Schnee-Engel den Winter zu begrüßen. Allen Beständen sehr zu empfehlen ab 4 Jahren.  *bn* Heidi Lexe</marc:subfield>
   </marc:datafield>
   <marc:datafield ind1=" " ind2=" " tag="020">
      <marc:subfield code="a">9783551515421</marc:subfield>
      <marc:subfield code="9">9783551515421</marc:subfield>
   </marc:datafield>
   <marc:datafield ind1=" " ind2=" " tag="041">
      <marc:subfield code="a">ger</marc:subfield>
   </marc:datafield>
   <marc:datafield ind1=" " ind2=" " tag="300">
      <marc:subfield code="a">[16] Bl. : durchg. I</marc:subfield>
   </marc:datafield>
</marc:record>
